Loading...
| History - American History | 0 | 4 | 0 | 0 | 40 | 61 | 72.25 | 0 | 0 |
| Literature - European Literature | 0 | 2 | 0 | 1 | 20 | 96 | 103.00 | 0 | 0 |
| Social Science | 0 | 2 | 0 | 0 | 20 | 49 | 72.50 | 1 | 1 |
| Science - Biology | 0 | 2 | 0 | 1 | 20 | 73 | 89.00 | 0 | 1 |
| Geography | 0 | 2 | 1 | 0 | 15 | 65 | 73.50 | 0 | 0 |
| Literature - British Literature | 0 | 1 | 0 | 0 | 10 | 72 | 72.00 | 0 | 0 |
| Philosophy | 0 | 1 | 0 | 0 | 10 | 79 | 79.00 | 0 | 0 |
| Science - Physics | 0 | 1 | 0 | 0 | 10 | 48 | 48.00 | 0 | 0 |
| History - European History | 0 | 1 | 0 | 1 | 10 | 65 | 65.00 | 0 | 0 |
| History - Other History | 0 | 1 | 1 | 1 | 5 | 114 | 114.00 | 0 | 0 |
| Literature - World Literature | 0 | 1 | 1 | 0 | 5 | 126 | 126.00 | 0 | 0 |
| Pop Culture | 0 | 0 | 0 | 0 | 0 | 0.00 | 0 | 0 | |
| Religion | 0 | 0 | 0 | 0 | 0 | 0.00 | 0 | 0 | |
| Literature - American Literature | 0 | 0 | 1 | 0 | -5 | 0.00 | 0 | 0 | |
| Science - Other Science | 0 | 0 | 1 | 0 | -5 | 0.00 | 0 | 0 |